Normal view MARC view
  • Williams, Robert.B Culp, Gordon.L

Entry Personal Name

Number of records used in: 1

001 - CONTROL NUMBER

  • control field: 56195

003 - CONTROL NUMBER IDENTIFIER

  • control field: NUST

005 - DATE AND TIME OF LATEST TRANSACTION

  • control field: 20210628201644.0

008 - FIXED-LENGTH DATA ELEMENTS

  • fixed length control field: 210628|| aca||aabn | a|a d

040 ## - CATALOGING SOURCE

  • Original cataloging agency: NUST
  • Transcribing agency: NUST

100 ## - HEADING--PERSONAL NAME

  • Personal name: Williams, Robert.B Culp, Gordon.L

670 ## - SOURCE DATA FOUND

  • Source citation: Work cat.: (NUST): Williams, Robert.B Culp, Gordon.L, Handbook of public water systems culp-wesner-culp, 1986
© 2023 Central Library, National University of Sciences and Technology. All Rights Reserved.